Tennis Players by Wikipedia Descriptions - Statistics

General Stats
  • This quiz has been taken 226 times
  • The average score is 13 of 20
Answer Stats
Excerpt Player % Correct
Widely regarded as the greatest clay-court player in history - nicknamed "King of Clay" Rafael Nadal
99%
She has won 14 major women's doubles titles, all with her sister Venus Serena Williams
90%
Only male player to have won all nine of the modern Masters 1000 tournaments Novak Djokovic
89%
Regarded as "the greatest and most successful" Swiss sportsperson in history Roger Federer
87%
Married former world No. 1 men's tennis player Andre Agassi in October 2001 Steffi Graf
81%
She won the "Battle of the Sexes" tennis match against the 55-year-old Bobby Riggs Billie Jean King
79%
His rivalry with Andre Agassi has been called the greatest of the generation of players competing in the 1990s Pete Sampras
78%
On April 30, 1993, an obsessed fan of the above stabbed this player in the back Monica Seles
72%
Became the first man in the Open Era to win 11 Grand Slam singles titles Björn Borg
65%
The only player to twice achieve a Grand Slam, in 1962 and 1969 Rod Laver
65%
Known for on-court "grunting", which reached a recorded 101 decibels in a match in 2005 Maria Sharapova
58%
First Japanese player to win a Grand Slam singles title Naomi Osaka
58%
Her 24 major singles titles and total of 64 major titles are the most in tennis history Margaret Court
55%
She set a series of "youngest-ever" records during the 1990s, including youngest-ever Grand Slam champion and youngest-ever world No. 1. Martina Hingis
54%
Youngest male player in history to win a Grand Slam, at 17 years old Michael Chang
54%
According to Tennishead magazine, he has received more fines for his temperamental on-court behaviour than any other player in ATP history Nick Kyrgios
53%
The only player in history to have held the top spot in both singles and doubles for over 200 weeks Martina Navratilova
44%
Has been described by The Economist as "Tennis's great latecomer", owing to finding success late in his career Stanislas Wawrinka
35%
At the peak of her fame, fans looking for images of her made her name one of themost common search strings on Google Search Anna Kournikova
31%
She posted on Weibo accusing a retired Vice Premier of China of sexually assaulting her Peng Shuai
27%
No matching quizzes found
Score Distribution
Percent of People with Each Score
Percentile by Number Answered
Your Score History
You have not taken this quiz